000 00626nam a2200193Ii 4500
003 JO-AjNU
008 230605s9999||||xx |||||||||||||| ||und||
040 _aJO-AjNU
_bara
_erda
_cJO-AjNU
041 _aara
050 1 4 _aHM101.A43 1970
100 3 _aخليفة، أحمد محمد ,
_eauthor
_910288
245 0 0 _a في المسألة الاجتماعية
264 3 1 _aالقاهرة: دار المعارف، 1970
300 _a198ص
336 _atext
_btxt
_2rdacontent
337 _aunmediated
_bn
_2rdamedia
338 _avolume
_bnc
_2rdacarrier
650 4 _aعلم الاجتماع - تنظيم المجتمع
_910289
999 _aA1731
_c5299
_d5299